ბათუმის შოთა რუსთაველის სახელმწიფო უნივერსიტეტის ბიბლიოთეკა

ბათო-ხანი (ბიბ.ჩანაწერი № 49773)

000 -LEADER
fixed length control field 00741nam a2200229Ia 4500
001 - CONTROL NUMBER
control field 16708
003 - CONTROL NUMBER IDENTIFIER
control field GE_BSU
008 - FIXED-LENGTH DATA ELEMENTS--GENERAL INFORMATION
fixed length control field 181216s||||||||xx |||||||||||||| ||und||
040 ## - CATALOGING SOURCE
Transcribing agency GE_BSU
080 ## - UNIVERSAL DECIMAL CLASSIFICATION NUMBER
Universal Decimal Classification number 821.161.1-311.6
100 ## - MAIN ENTRY--PERSONAL NAME
Personal name იანი, ვ.
245 ## - TITLE STATEMENT
Title ბათო-ხანი
245 ## - TITLE STATEMENT
Remainder of title რომანი
245 ## - TITLE STATEMENT
Statement of responsibility, etc. ისტ. ტრილოგიის მე-2 ნაწ. თარგმ. რუს. ქეთევან ნადირაძისა.რედ. რ. კიკნაძე
260 ## - PUBLICATION, DISTRIBUTION, ETC.
Place of publication, distribution, etc. თბილისი
260 ## - PUBLICATION, DISTRIBUTION, ETC.
Name of publisher, distributor, etc. ნაკადული
260 ## - PUBLICATION, DISTRIBUTION, ETC.
Date of publication, distribution, etc. 1961
300 ## - PHYSICAL DESCRIPTION
Extent 461გვ. ; 23სმ.
653 ## - INDEX TERM--UNCONTROLLED
Uncontrolled term ბათო-ხანი
653 ## - INDEX TERM--UNCONTROLLED
Uncontrolled term რომანი
942 ## - ADDED ENTRY ELEMENTS (KOHA)
Koha item type წიგნი
ეგზემპლარები
Withdrawn status Lost status Damaged status Not for loan Date acquired Barcode Date last seen Price effective from Koha item type
        2018-12-17 21301 2018-12-17 2018-12-17 წიგნი